000 00717nam a2200217 a 4500
999 _c6933
_d6933
001 6933
003 BD-JhCC
005 20180201121307.0
008 170930s1978 bg |||| ||a| 000 0 ben d
035 _a(BD-JhCC)6933
040 _aBD-JhCC
_dBD-JhCC
041 _aben
082 _a954.92
_bWAL 1978
100 _aওয়ালিউল্লাহ, মোহাম্মদ
245 _aআমাদের মুক্তি-সংগ্রাম /
_cমোহাম্মদ ওয়ালিউল্লাহ
260 _aঢাকা :
_bবাংলা একাডেমী ;
_c1978.
300 _a421 p. :
_c2২ cm.
650 _aHistory
_zBangladesh
942 _2ddc
_cBK